Liebeslyrik des deutschen barock /

Saved in:
Bibliographic Details
Other Authors: Grutzmacher, Curt
Format: Book
Language:German
Published: Munchen : Winkler, 1965.
Series:Die Fundgrube ; 9
Subjects:
LEADER 00814nam a22002171 4500
001 c000347232
003 CARM
005 00000000000000.0
008 851003s1965 gw 0 ger d
019 1 |a 3972169  |z 28076696  |5 LACONCORD2021 
035 |a (OCoLC)338843  |5 LACONCORD2021 
245 0 0 |a Liebeslyrik des deutschen barock /  |c Mit einem Nachwort hrsg. von C.Grutzmacher. 
260 |a Munchen :  |b Winkler,  |c 1965. 
490 0 |a Die Fundgrube ;  |v 9 
650 0 |a German poetry  |y 17th century. 
650 0 |a Love poetry, German. 
700 1 |a Grutzmacher, Curt. 
852 8 |b CARM  |h A1:AM38A0  |i A05040  |p 0432585  |f BK 
082 0 4 |a 831.508 
999 f f |i da91c385-3392-5a68-8d11-dab19a1f8492  |s f95b4d8d-28af-5c96-bac6-ae4b964794cb 
952 f f |p Can circulate  |a CAVAL  |b CAVAL  |c CAVAL  |d CARM 1 Store  |e A05040  |f A1:AM38A0  |h Other scheme  |i book  |m 0432585